|
|
|
|
| LEADER |
00970nam a2200289 a 4500 |
| 001 |
000532486 |
| 003 |
CZ BrMZK |
| 005 |
20021112115623.0 |
| 007 |
ta |
| 008 |
010907s1992 xr f 000 m cze d |
| 015 |
|
|
|a cnb002581963
|
| 020 |
|
|
|a 80-7116-148-9
|
| 035 |
|
|
|a (OCoLC)84918398
|
| 040 |
|
|
|a BOA001
|b cze
|
| 080 |
|
|
|a 885.0-31
|2 MRF
|
| 100 |
1 |
|
|a Zelenková, Jana,
|c romány
|4 aut
|
| 245 |
1 |
0 |
|a Milión za jednu noc /
|c Jana Zelenková
|
| 250 |
|
|
|a 1. vyd.
|
| 260 |
|
|
|a Praha :
|b I. Železný,
|c 1992
|
| 300 |
|
|
|a 55 s. ;
|c 18 cm
|
| 490 |
1 |
|
|a Třikrát Cesta za štěstím ;
|v 7
|
| 490 |
1 |
|
|a Knihovnička Večerů pod lampou
|
| 500 |
|
|
|a Obsahuje přívazky: Čistý pramen / Marie Tippmanová; Helenino manželství / A. Hruška
|
| 830 |
|
0 |
|a Knihovnička Večerů pod lampou.
|p Třikrát Cesta za štěstím
|
| 910 |
|
|
|a BOA001
|b 1-0978.686
|
| 990 |
|
|
|a BK
|
| 996 |
6 |
|
|b 2619605853
|c 1-0978.686
|l MZK
|r Sklad / do 1 hodiny
|n 0
|w 000532486
|u 000010
|a 1
|e BOA001
|j MZK50
|s P
|